Big trouble / (Record no. 30368)

MARC details
000 -LEADER
fixed length control field 02285cam a2200517Ii 4500
001 - CONTROL NUMBER
control field 1406471
003 - CONTROL NUMBER IDENTIFIER
control field OSt
005 - DATE AND TIME OF LATEST TRANSACTION
control field 20250118105428.0
008 - FIXED-LENGTH DATA ELEMENTS--GENERAL INFORMATION
fixed length control field 160916s2017 nyua c 000 1 eng
010 ## - LIBRARY OF CONGRESS CONTROL NUMBER
LC control number 2016025020
020 ## - INTERNATIONAL STANDARD BOOK NUMBER
International Standard Book Number 9781626726376 (hardcover)
020 ## - INTERNATIONAL STANDARD BOOK NUMBER
International Standard Book Number 162672637X (hardcover)
035 ## - SYSTEM CONTROL NUMBER
System control number (OCoLC)940281752
Canceled/invalid control number (OCoLC)964818294
-- (OCoLC)968123005
-- (OCoLC)968758688
035 ## - SYSTEM CONTROL NUMBER
System control number (OCoLC)ocn940281752
040 ## - CATALOGING SOURCE
Original cataloging agency DLC
Language of cataloging eng
Description conventions rda
Transcribing agency DLC
Modifying agency YDXCP
-- BDX
-- BTCTA
-- OI6
-- JAO
-- NYP
-- OCLCF
-- KFW
-- KSU
-- VP@
-- TXLBH
-- UIU
-- TXSSC
-- OCLCO
-- IFA
042 ## - AUTHENTICATION CODE
Authentication code lcac
-- pcc
049 ## - LOCAL HOLDINGS (OCLC)
Holding library IFAA
099 ## - LOCAL FREE-TEXT CALL NUMBER (OCLC)
Filing suffix 2017
999 ## - SYSTEM CONTROL NUMBERS (KOHA)
Koha Dewey Subclass [OBSOLETE] CHILDREN FICTION SPRATT 2017
100 1# - MAIN ENTRY--PERSONAL NAME
Personal name Spratt, R. A.,
Relator term author.
245 10 - TITLE STATEMENT
Title Big trouble /
Statement of responsibility, etc. R.A. Spratt ; illustrated by Phil Gosier.
250 ## - EDITION STATEMENT
Edition statement First U.S. edition.
264 #1 - PRODUCTION, PUBLICATION, DISTRIBUTION, MANUFACTURE, AND COPYRIGHT NOTICE
Place of production, publication, distribution, manufacture New York :
Name of producer, publisher, distributor, manufacturer Roaring Brook Press,
Date of production, publication, distribution, manufacture, or copyright notice 2017.
300 ## - PHYSICAL DESCRIPTION
Extent 280 pages :
Other physical details illustrations ;
Dimensions 22 cm.
336 ## - CONTENT TYPE
Content type term text
Content type code txt
Source rdacontent
337 ## - MEDIA TYPE
Media type term unmediated
Media type code n
Source rdamedia
338 ## - CARRIER TYPE
Carrier type term volume
Carrier type code nc
Source rdacarrier
490 1# - SERIES STATEMENT
Series statement Friday Barnes mystery
500 ## - GENERAL NOTE
General note "First published in Australia in 2015 by Penguin Random House Australia"--Copyright page.
520 ## - SUMMARY, ETC.
Summary, etc. At her exclusive boarding school, can super sleuth and girl genius Friday Barnes crack the case of her missing mother, reign in a royal brat, and unmask the elusive master thief called the Pimpernel?
650 #0 - SUBJECT ADDED ENTRY--TOPICAL TERM
Topical term or geographic name as entry element Boarding schools
Form subdivision Juvenile fiction.
650 #0 - SUBJECT ADDED ENTRY--TOPICAL TERM
Topical term or geographic name as entry element Boarding school students
Form subdivision Juvenile fiction.
650 #0 - SUBJECT ADDED ENTRY--TOPICAL TERM
Topical term or geographic name as entry element Schools
Form subdivision Juvenile fiction.
650 #0 - SUBJECT ADDED ENTRY--TOPICAL TERM
Topical term or geographic name as entry element Genius
Form subdivision Juvenile fiction.
650 #0 - SUBJECT ADDED ENTRY--TOPICAL TERM
Topical term or geographic name as entry element Girls
Form subdivision Juvenile fiction.
655 #7 - INDEX TERM--GENRE/FORM
Genre/form data or focus term Humorous fiction.
Source of term lcgft
655 #7 - INDEX TERM--GENRE/FORM
Genre/form data or focus term Detective and mystery fiction.
Source of term lcgft
700 1# - ADDED ENTRY--PERSONAL NAME
Personal name Gosier, Phil,
Dates associated with a name 1971-
Relator term illustrator.
776 08 - ADDITIONAL PHYSICAL FORM ENTRY
Relationship information Online version:
Main entry heading Spratt, R. A., author.
Title Big trouble
Edition First U.S. edition.
Place, publisher, and date of publication New York : Roaring Brook Press, 2017
International Standard Book Number 9781626726383
Record control number (DLC) 2016048940
800 1# - SERIES ADDED ENTRY--PERSONAL NAME
Personal name Spratt, R. A.
Title of a work Friday Barnes.
902 ## - LOCAL DATA ELEMENT B, LDB (RLIN)
a Marcive
910 ## - USER-OPTION DATA (OCLC)
User-option data BRO-cust20180730-080
942 ## - ADDED ENTRY ELEMENTS (KOHA)
Koha item type Libro/Book
Holdings
Withdrawn status Lost status Damaged status Not for loan Home library Current library Shelving location Date acquired Inventory number Total Checkouts Full call number Barcode Date last seen Price effective from Koha item type
        San Juan Del Sur -- Biblioteca San Juan Del Sur -- Biblioteca English 18/01/2025 Inventory date: 15-5-25   YA 30026874 26/08/2025 18/01/2025 Libro/Book

Powered by Koha